Régimes alimentaires - Statistiques

Statistiques générales
  • Ce quiz a été pris 96 fois
  • Le résultat moyen est 8 sur 15
Statistiques - réponses
Que mangent les... Réponse % Correct
Piscivores Poissons
87%
Mycophages Champignons
84%
Hématophages Sang
84%
Vermivores Vers
84%
Spongivores Eponges
74%
Ornithophages Oiseaux
67%
Apivores Abeilles
65%
Géophages Terre
61%
Lithophages Pierres
47%
Xylophages Bois
46%
Méliphages Miel
42%
Oophages Oeufs
41%
Myrmécophages Fourmis
16%
Baccivores Baies
7%
Aphidiphages Pucerons
7%
Aucun quiz correspondant
Distribution des résultats
% des personnes avec chaque résultat
Percentile par nombre de réponses
Votre historique - résultats
Vous n’avez pas pris ce quiz